000 00349pab a2200145 454500
008 180718b1989 xxu||||| |||| 00| 0 eng d
100 _aDeshpande, S.P
245 _aCost accounting for raw material wastages.
260 _c1989
300 _a302 - 6
362 _aMay
650 _aAccounting, Cost
773 _aManagement Accountant
909 _a559
999 _c559
_d559